Mechanics of materials
This text develops student understanding along with analytical and problem-solving skills. The main topics include analysis and design of structural members subjected to tension, compression, torsion, bending, and more.
Saved in:
| Main Author: | |
|---|---|
| Other Authors: | |
| Format: | Book |
| Language: | English |
| Published: |
Stamford, Conn.
Cengage Learning
2013.
|
| Edition: | 8th ed., SI |
| Subjects: | |
| Tags: |
Add Tag
No Tags, Be the first to tag this record!
|
| Call Number : | TA 405 .G44 2013 |
MARC
| LEADER | 00000nam a2200000 a 4500 | ||
|---|---|---|---|
| 001 | 99821 | ||
| 003 | MY-KLNDU | ||
| 005 | 20241220025207.0 | ||
| 008 | 140317s2013 ctua bi 000 0 eng d | ||
| 020 | |a 9781111577742 (pbk) | ||
| 020 | |a 1111577749 (pbk) | ||
| 039 | 9 | |a 201410201032 |b zul |c 201408041538 |d shahrim |y 201403171518 |z syarifuddin | |
| 040 | |a UPNM | ||
| 090 | |a TA 405 |b .G44 2013 | ||
| 100 | 1 | |a Gere, James M | |
| 245 | 1 | 0 | |a Mechanics of materials |c James M. Gere, Barry J. Goodno |
| 250 | |a 8th ed., SI | ||
| 260 | |a Stamford, Conn. |b Cengage Learning |c 2013. | ||
| 300 | |a xx, 1098 p. |b col. ill. |c 26 cm. | ||
| 504 | |a Includes bibliographical references and index. | ||
| 520 | |a This text develops student understanding along with analytical and problem-solving skills. The main topics include analysis and design of structural members subjected to tension, compression, torsion, bending, and more. | ||
| 592 | |a 00013351 |b 08/07/2014 |c RM1011.80 |h PVK | ||
| 650 | 0 | |a Strength of materials. | |
| 700 | 1 | |a Goodno, Barry J. | |
| 999 | |a vtls000051597 |c 99821 |d 99821 | ||


